The Beatles Impossible Quiz - Statistics

General Stats
  • This quiz has been taken 98 times
  • The average score is 8 of 15
Answer Stats
Hint Answer % Correct
How many Beatles were married by the year 1968 3
98%
How many Beatles had more than one child 3
98%
Which Of The Beatles Spent Most Of Their Childhood In The Hospital Ringo Starr
88%
Which Beatles Song Is Supposedly A Direct Reference To LSD Lucy In The Sky With Diamonds
85%
Which Beatles Wrote "She Said She Said" John Lennon
76%
Who released the solo album "Somewhere In England" George Harrison
72%
Eleanor Rigby Is Buried Along With Her husband of what name? John
69%
You ----- Give -- Your ----- Never Me Money
65%
What is the last song on The White Album Good Night
53%
Who was Paul McCartney's first main girlfriend Jane Asher
49%
Which Country did Paul McCartney record Band On The Run the album in Brazil
5%
Which Single Cover Features The Beatles Playing Golf Eight Days A Week
2%
What Did John Say At The End Of The Rooftop Concert I'd like to thank you on the behalf of the group and myself, and I hope we have passed the audition
2%
Where Is Penny Lane Liverpool England
2%
Which Three Songs Are Credited To Paul McCartney/Michael Jackson The Man Say Say Say The Girl Is Mine
1%
No matching quizzes found
Score Distribution
Percent of People with Each Score
Percentile by Number Answered
Your Score History
You have not taken this quiz